Statistics for Computer Nerd Acronyms Quiz #2

Click here to take the quiz!

General Stats

  • This quiz has been taken 23,422 times
    (15,468 since last reset)
  • The average score is 11 of 22

Answer Stats

Acronym Phrase % Correct
WWW{World} {Wide} Web
99%
PC{Personal} Computer
91%
WoWWorld of {Warcraft}
78%
HDD{Hard} {Disk} Drive
67%
HTTP{Hypertext} Transfer Protocol
53%
VBVisual {Basic}
52%
VPN{Virtual} {Private} Network
51%
DB{Database}
50%
SSD{Solid} {State} Drive
50%
VoIP{Voice} {Over} Internet Protocol
48%
GPU{Graphics} {Processing} Unit
48%
WAN{Wide} {Area} Network
47%
JS{Javascript}
47%
FTP{File} {Transfer} Protocol
45%
EULA{End} {User} License Agreement
42%
IRCInternet Relay {Chat}
32%
DNS{Domain} {Name} System
30%
CSSCascading {Style} {Sheet}
30%
CSV{Comma}-{Separated} Values
26%
DDoS{Distributed} {Denial} of Service
25%
SSHSecure {Shell}
21%
TLD{Top}-{Level} Domain
17%

Score Distribution

Percentile by Number Answered

Percent of People with Each Score

Your Score History

You have not taken this quiz since the last reset